Online Catalogue and eLibrary

Saiva Sddhantat h telivu (Record no. 965)

MARC details
000 -LEADER
fixed length control field 00370nam a2200145Ia 4500
005 - DATE AND TIME OF LATEST TRANSACTION
control field 20250422025440.0
008 - FIXED-LENGTH DATA ELEMENTS--GENERAL INFORMATION
fixed length control field 240331s9999 xx 000 0 und d
082 ## - DDC Classification
Class No. 294.5
Item Number - Author Mark GNA
100 ## - MAIN ENTRY--PERSONAL NAME
Personal name Gnanakumaran, N
245 #0 - TITLE STATEMENT
Title Saiva Sddhantat h telivu
260 ## - PUBLICATION, DISTRIBUTION, ETC.
Place of publication, distribution, etc. Paruthithurai
Name of publisher, distributor, etc. Selvam Veliyidu
Date of publication, distribution, etc. 1994
300 ## - PHYSICAL DESCRIPTION
Extent (e.g. Volumes, Pages etc.) 134 p .,
500 ## - GENERAL NOTE
General note Indu samaiyam patriyathu
942 ## - Koha item type (Biblio)
Koha item type Books in Stacks (Lending)
Holdings
Lost status Damaged status Collection code Home library Current library Shelving location Date acquired Full call number Accession Number Item type
    Lending WERC Library WERC Library Social Science Cupboard 03/31/2024 294.5 GNA 5388 Books in Stacks (Lending)

© WERC Library